| 000 | 00451 a2200181 4500 | ||
|---|---|---|---|
| 005 | 20260116140246.0 | ||
| 008 | 260116b |||||||| |||| 00| 0 eng d | ||
| 020 |
_a9789369504329 _cRs. 1995.00 |
||
| 040 | _aMAIN | ||
| 082 |
_a823 _bC463S |
||
| 100 | _aChristie, Agatha | ||
| 245 | _aSeven dials mystery | ||
| 260 |
_bLector House _c2026 _aDelhi |
||
| 300 | _a188 | ||
| 650 | _aEnglish Literature | ||
| 650 | _aEnglish Fiction | ||
| 942 | _cBK | ||
| 999 |
_c395105 _d395105 |
||